Insultes en Mort Subite - Statistiques

Statistiques générales
  • Ce quiz a été pris 786 fois
  • Le résultat moyen est 32 sur 60
Answers on the Grid
Answers color-coded by a green-red scale on the quiz's grid according to % correct below.
Mauviette
Faquin
Goujat
Paltoquet
Peigne-cul
Bouffon
Vaurien
Connard
Batard
Pompe à vélo
Enculé
Baltringue
Trou duc
Fécalome
Enfoiré
Raclure de bidet
Fumier
Fond de cuve
Benne à ordure
Moule à gaufre
Andouille
Tocard
Zigoto
Branquignole
Gougnafier
Tête de têtard
Gredin
Sac à puces
Scélérat
Fils de pute
Malotru
Crétin
Blaireau
Balai à chiotte
Abruti
Puterelle
Butor
Cuistre
Bélître
Nez de bœuf
Fesse-mathieu
Nodocéphale
Alburostre
Forban
Fripon
Ganache
Fot-en-cul
Gaupe
Godiche
Crevure
Gourgandine
Jean-Foutre
Malappris
Mufle
Olibrius
Pignouf
Pisse-Froid
Ribaud
Sagouin
Tête de pipe / Tête à pipe
Amphitryon
Jurat
Meneau
Molequin
Topaze
Roger-bontemps
Orfèvre
Gagalufle
Enème
Adret
 
Statistiques - réponses
Réponse % Correct
Batard
86%
Bouffon
83%
Enculé
83%
Enfoiré
83%
Tocard
83%
Connard
82%
Crétin
82%
Fils de pute
82%
Fumier
82%
Trou duc
82%
Abruti
80%
Andouille
80%
Mauviette
79%
Blaireau
78%
Baltringue
76%
Zigoto
75%
Vaurien
74%
Balai à chiotte
73%
Malotru
73%
Crevure
71%
Sac à puces
70%
Peigne-cul
68%
Tête de pipe / Tête à pipe
68%
Fripon
67%
Branquignole
65%
Pignouf
64%
Sagouin
64%
Raclure de bidet
63%
Goujat
62%
Benne à ordure
60%
Scélérat
60%
Tête de têtard
57%
Fond de cuve
56%
Pisse-Froid
56%
Gourgandine
54%
Malappris
54%
Godiche
53%
Jean-Foutre
51%
Puterelle
49%
Gredin
47%
Gougnafier
45%
Fot-en-cul
41%
Moule à gaufre
40%
Mufle
40%
Nez de bœuf
30%
Faquin
29%
Fesse-mathieu
29%
Pompe à vélo
26%
Cuistre
24%
Forban
21%
Paltoquet
20%
Fécalome
19%
Olibrius
19%
Butor
18%
Ganache
14%
Bélître
13%
Ribaud
12%
Nodocéphale
10%
Gaupe
8%
Alburostre
7%
Aucun quiz correspondant
Distribution des résultats
% des personnes avec chaque résultat
Percentile par nombre de réponses
Votre historique - résultats
Vous n’avez pas pris ce quiz